000 00600nam a2200193Ia 4500
003 GCL
008 140319s9999 xx 000 0 ara d
040 _aGCL /
_cGCL
082 0 4 _a811.9
_bم ح
100 1 _aمحمود قرنى
245 1 0 _aحمامات الانشاد /
_cمحمود قرنى
300 _a143 ص
490 _aاصوات ادبية
_v0
650 0 4 _aالادب العربى
650 0 4 _aالشعر العربى - دواوين وقصائد
650 0 4 _aالشعر العربى - العصر الحديث
650 0 4 _aالشعر - العصر الحديث
942 _2ddc
_cBK
999 _c50753
_d50753